书目信息 |
| 题名: |
新基本粒子观对话
|
|
| 作者: | 坂田昌一 著 ;庆承瑞 , 张质贤 注释 | |
| 分册: | ||
| 出版信息: | 北京 生活·读书·新知三联书店 1973.04 |
|
| 页数: | 67页 | |
| 开本: | 20cm | |
| 丛书名: | ||
| 单 册: | ||
| 中图分类: | O572.3 | |
| 科图分类: | ||
| 主题词: | 高能物理学 , 核物理学 | |
| 电子资源: | ||
| ISBN: | ||
| 000 | 00757nam0 2200229 450 | |
| 001 | 0638640547 | |
| 005 | 20061122152807.60 | |
| 010 | @dCNY0.24 | |
| 100 | @a20060819d1973 km y0chiy0120 ea | |
| 101 | 0 | @achi@cjpn |
| 102 | @aCN@b110000 | |
| 200 | 1 | @a新基本粒子观对话@Axin ji ben li zi guan dui hua@f(日)坂田昌一著@F(ri)ban tian chang yi zhu@g庆承瑞等注释@Gqing cheng rui deng zhu shi@g张质贤译@Gzhang zhi xian yi |
| 210 | @a北京@c生活·读书·新知三联书店@d1973.04 | |
| 215 | @a67页@c照片@d20cm | |
| 606 | 0 | @a高能物理学 |
| 606 | 0 | @a核物理学 |
| 690 | @aO572.3@v3 | |
| 701 | 0 | @a坂田昌一@Aban tian chang yi@4著 |
| 702 | 0 | @a庆承瑞@Aqing cheng rui@4注释 |
| 702 | 0 | @a张质贤@Azhang zhi xian@4译 |
| 801 | 0 | @aCN@bPFT@c20061122 |
| 905 | @a10447@dO572.3@e3 | |
| 新基本粒子观对话/(日)坂田昌一著/庆承瑞等注释/张质贤译.-北京:生活·读书·新知三联书店,1973.04 |
| 67页:照片;20cm |
| ISBN :CNY0.24 |
| ● |
| 相关链接 |
|
|
|
|
正题名:新基本粒子观对话
索取号:O572.3/3
 
预约/预借
| 序号 | 登录号 | 条形码 | 馆藏地/架位号 | 状态 | 备注 |
| 1 | 0018082 | 001452083 | 第二样本阅览室/ [索取号:O572.3/3] | 在馆 |